Sarmiento en la Universidad de Chile.
Saved in:
| Main Author: | |
|---|---|
| Format: | Book |
| Language: | Spanish |
| Published: |
Santiago, Chile:
Ediciones Universidad de Chile,
1988.
|
| Subjects: | |
| Tags: |
Add Tag
No Tags, Be the first to tag this record!
|
MARC
| LEADER | 00000nam a2200000 a 4500 | ||
|---|---|---|---|
| 001 | UCY8246 | ||
| 003 | CL-VaPUC | ||
| 005 | 20220822114326.0 | ||
| 008 | 950703e19880000CL |||||||||||||||||spa|d | ||
| 999 | |c 235521 |d 235519 | ||
| 040 | |c Pontificia Universidad Católica de Valparaíso | ||
| 082 | 0 | 4 | |a 460 AVI 1988 |2 21 |
| 100 | 0 | |a Avila Martel, Alamiro de |e autor |9 339490 | |
| 245 | 1 | 0 | |a Sarmiento en la Universidad de Chile. |
| 260 | |a Santiago, Chile: |b Ediciones Universidad de Chile, |c 1988. | ||
| 300 | |a 120 páginas. | ||
| 500 | |a c.2 Donación Familia Prof. Alejandro Guzmán Brito. | ||
| 583 | |a last modification |c 19950703 00:00:00 |k Rodrigo Vera | ||
| 600 | 0 | |a Sarmiento, Domingo Faustino |9 311947 | |
| 610 | 0 | |a Universidad de Chile |9 630872 | |
| 650 | 0 | |a Español |9 255372 | |
| 650 | 0 | |a Ortografía |9 309144 | |
| 942 | |c BK |2 ddc |n 0 | ||
| 945 | |d 19950703 00:00:00 |a rbrito | ||
| 952 | |0 0 |1 0 |4 0 |6 460_000000000000000_AVI_1988 |7 0 |8 A |9 243010 |a BIBEDU |b BIBEDU |d 2019-11-18 |i 3096629 |l 1 |o 460 AVI 1988 |p 3096629 |r 2024-04-09 |s 2024-04-09 |w 2019-11-18 |y BK |k LIT | ||
| 952 | |0 0 |1 0 |2 ddc |4 0 |6 460_000000000000000_AVI_1988 |7 1 |8 C_AGB |9 579695 |a BIBDER |b BIBDER |d 2021-12-20 |e Donación |i 5630126 |o 460 AVI 1988 |p 5630126 |r 2023-01-25 |t 2 |w 2021-12-20 |y BK_US |k AGB | ||